000 00964nam a2200277Ia 4500
003 OSt
005 20221005104529.0
006 a|||||r|||| 00| 0
007 ta
008 221004b |||||||| |||| 00| 0 hin d
020 _cIndian Rupees 3.50
024 _a38839
037 _bGift, 27/08/2018,
_cTextual
040 _aCRL
_cCRL
_bhin
041 _2hin
_ahin
082 _aO152,1M972x, P9
100 _aशर्मा, बालकृष्ण, ‘नवीन’, ले.
_9160933
245 0 _aअपलक
246 _aApalaka
260 _aदिल्ली
_bराजकमल प्रकाशन भारत
_c2009
300 _a108पृ0
_ccm.
650 _a हिन्दी साहित्य
650 _aहिन्दी कविता
942 _hO152,1M972x, P9
_cTEXL
_2cc
999 _c1012999
_d1012999